Que peut-on rêver de mieux? - Vaiana 2 (paroles) - Statistiques

Statistiques générales
  • Ce quiz a été pris 49 fois
  • Le résultat moyen est 300 sur 413
Statistiques - réponses
Hint Réponse % Correct
à
95%
a
95%
de
95%
Il
95%
il
95%
mieux
95%
Kele | Loto On
95%
on
95%
peut
95%
Que
95%
que
95%
est
91%
la
91%
La
91%
l'a
91%
le
91%
Le
91%
rêver
91%
Moni Rêver
91%
un
91%
Un
91%
va
91%
Ce
86%
Kele Je
86%
je
86%
ma
86%
me
86%
ne
86%
pas
86%
dans
82%
Des
82%
des
82%
du
82%
mer
82%
nous
82%
Nous
82%
toujours
82%
Tu
82%
et
77%
Et
77%
Kele | Moni Moi
77%
moi
77%
mon
77%
peut-on
77%
pour
77%
Vaiana Pour
77%
rien
77%
une
77%
Vaiana & Moni Une
77%
vent
77%
vivre
77%
bateaux
73%
belle
73%
ca
73%
ces
73%
C'est
73%
c'est
73%
cet
73%
d'un
73%
En
73%
en
73%
finir
73%
Vaina & Moni Mais
73%
mais
73%
mes
73%
mythe
73%
perfection
73%
plus
73%
regarde
73%
requin
73%
vais
73%
vas
73%
ventre
73%
art
68%
as
68%
bien
68%
choux
68%
dis
68%
histoire
68%
Les
68%
les
68%
n'y
68%
Loto Oui
68%
sans
68%
sera
68%
vrai
68%
ami
64%
chanson
64%
dessine
64%
fou
64%
lignes
64%
mal
64%
Vaiana Océan
64%
question
64%
relève
64%
réponse
64%
sens
64%
sous
64%
Vaiana Sous
64%
ta
64%
tête
64%
tous
64%
trace
64%
allons
59%
bon
59%
boue
59%
cesse
59%
commence
59%
compris
59%
croire
59%
crois
59%
devenir
59%
Loto Faux
59%
fête
59%
inouï
59%
j'ai
59%
joie
59%
Kele
59%
Vaiana Loto
59%
mots
59%
mourir
59%
naviguons
59%
noir
59%
passion
59%
pis
59%
plaire
59%
Vaiana Quoi
59%
Rendez-moi
59%
soleil
59%
sommes
59%
tant
59%
Tout
59%
tout
59%
toutes
59%
trois
59%
voir
59%
apprendre
55%
arbres
55%
bonne
55%
bouffée
55%
croisière
55%
d'ai
55%
encourageant
55%
fais
55%
fantastique
55%
l'avant
55%
lit
55%
marin
55%
merveilles
55%
Persévérer
55%
petite
55%
Vaiana & Moni Puis
55%
puis
55%
rater
55%
remède
55%
rester
55%
retrouver
55%
rouli-roula
55%
rythme
55%
solidaires
55%
tests
55%
tient
55%
veux
55%
voyage
55%
vraie
55%
Moni | Vaiana Allez
50%
cette
50%
d'autres
50%
echouer
50%
encore
50%
être
50%
génie
50%
honneur
50%
ile
50%
Vaina Lève-toi
50%
L'océan
50%
Naviguer
50%
notre
50%
obsession
50%
quand
50%
rectification
50%
réfléchis
50%
sais
50%
tracas
50%
vitesse
50%
combines
45%
faudrait
45%
faut
45%
malade
45%
nouvelles
45%
Tous Prend
45%
profiter
45%
profitons
45%
qu'il
45%
refuse
45%
sache
45%
temps
45%
Viens
45%
contrées
41%
faiblesse
41%
feras-tu
41%
non
41%
simple
41%
trouve
41%
aussi
36%
avec
36%
devise
36%
disons-le
36%
justesse
36%
m'obstine
36%
prendrons
36%
problèmes
36%
source
36%
stress
36%
vise
36%
Yes
36%
atteindrons
32%
d'ivresse
32%
Loto J'hallucine
32%
L'échec
32%
monde
32%
Parce
32%
qu'on
32%
sourire
32%
D'explorer
27%
j'improvise
27%
voguer
27%
décide
23%
maintenant
14%
Aucun quiz correspondant
Distribution des résultats
% des personnes avec chaque résultat
Percentile par nombre de réponses
Votre historique - résultats
Vous n’avez pas pris ce quiz